000 00517cam a22002054a 4500
005 20250605164258.0
008 250528s ||||||||||||||||||||||||d
035 _a21969
020 _a9789602099308
040 _aGR-AtMCL
_bgre
_dGR-AtMCL
_eAACR2
245 1 _aΔΙΟΙΚΗΤΙΚΗ ΛΟΓΙΣΤΙΚΗ
250 _a1
260 _bΚλειδάριθμος,
_c2005
300 _a863
700 1 _aGarrison Ray H
_91185
700 1 _aNoreen Eric W
_91186
942 _cBK
999 _c7025
_d7025